ბათუმის შოთა რუსთაველის სახელმწიფო უნივერსიტეტის ბიბლიოთეკა

არსენას ლექსი. ეთერიანი. ლექსი ვეფხვისა და მოყმისა (ბიბ.ჩანაწერი № 50120)

000 -LEADER
fixed length control field 00874nam a2200217Ia 4500
001 - CONTROL NUMBER
control field 17058
003 - CONTROL NUMBER IDENTIFIER
control field GE_BSU
008 - FIXED-LENGTH DATA ELEMENTS--GENERAL INFORMATION
fixed length control field 181216s||||||||xx |||||||||||||| ||und||
040 ## - CATALOGING SOURCE
Transcribing agency GE_BSU
080 ## - UNIVERSAL DECIMAL CLASSIFICATION NUMBER
Universal Decimal Classification number 821.353.1-91-1 + 821.353.1-91-11
245 ## - TITLE STATEMENT
Title არსენას ლექსი. ეთერიანი. ლექსი ვეფხვისა და მოყმისა
245 ## - TITLE STATEMENT
Remainder of title ეთერიანი ; ლექსი ვეფხვისა და მოყმისა
245 ## - TITLE STATEMENT
Statement of responsibility, etc. რედ.შ.ბუარიძე.
260 ## - PUBLICATION, DISTRIBUTION, ETC.
Place of publication, distribution, etc. თბილისი
260 ## - PUBLICATION, DISTRIBUTION, ETC.
Name of publisher, distributor, etc. განათლება
260 ## - PUBLICATION, DISTRIBUTION, ETC.
Date of publication, distribution, etc. 1965
300 ## - PHYSICAL DESCRIPTION
Extent 106გვ. : ილ. ; 17სმ.
653 ## - INDEX TERM--UNCONTROLLED
Uncontrolled term არსენას ლექსი ; ეთერიანი ;
653 ## - INDEX TERM--UNCONTROLLED
Uncontrolled term ლექსი ვეფხვისა და მოყმისა
942 ## - ADDED ENTRY ELEMENTS (KOHA)
Koha item type წიგნი
ეგზემპლარები
Withdrawn status Lost status Damaged status Not for loan Date acquired Barcode Date last seen Price effective from Koha item type
        2018-12-17 21616 2018-12-17 2018-12-17 წიგნი